surgery (Record no. 85208)
[ view plain ]
| 000 -LEADER | |
|---|---|
| fixed length control field | 01968aam a22003251a 4500 |
| 001 - CONTROL NUMBER | |
| control field | 99936595002419 |
| 003 - CONTROL NUMBER IDENTIFIER | |
| control field | CBULib |
| 005 - DATE AND TIME OF LATEST TRANSACTION | |
| control field | 20240821125704.0 |
| 008 - FIXED-LENGTH DATA ELEMENTS--GENERAL INFORMATION | |
| fixed length control field | 240821b |||||||| |||| 00| 0 eng d |
| 010 ## - LIBRARY OF CONGRESS CONTROL NUMBER | |
| LC control number | 0723434751 |
| 010 ## - LIBRARY OF CONGRESS CONTROL NUMBER | |
| LC control number | 9780723434757 |
| 010 ## - LIBRARY OF CONGRESS CONTROL NUMBER | |
| LC control number | 9780723437123 |
| 010 ## - LIBRARY OF CONGRESS CONTROL NUMBER | |
| LC control number | 0723437122 |
| 035 ## - SYSTEM CONTROL NUMBER | |
| System control number | (WlAbNL)(Uk)ark:/81055/vdc_100052492460.0x000001 |
| 035 ## - SYSTEM CONTROL NUMBER | |
| System control number | (WlAbNL)(Uk)018653772 |
| 040 ## - CATALOGING SOURCE | |
| Transcribing agency | CBULib |
| 100 ## - MAIN ENTRY--PERSONAL NAME | |
| Personal name | 20080611d2008 uy 0 |
| 210 ## - ABBREVIATED TITLE | |
| Abbreviated title | Edinburgh |
| 245 ## - TITLE STATEMENT | |
| Title | surgery |
| Remainder of title | : crash course |
| 300 ## - PHYSICAL DESCRIPTION | |
| Extent | Revised edition of: Surgery / Helen Sweetland, Kevin Conway. 2nd ed. 2004. |
| 300 ## - PHYSICAL DESCRIPTION | |
| Extent | Includes index. |
| 300 ## - PHYSICAL DESCRIPTION | |
| Extent | Formerly CIP. |
| 300 ## - PHYSICAL DESCRIPTION | |
| Extent | I. The Patient Presents With Acute Abdominal Pain Dyspepsia Vomiting, Haematemesis and Melaena Change in Bowel Habit Abdominal Mass and Distension Rectal Bleeding Anorectal Pain Jaundice Dysphagia Breast Lump Neck Lump Ischaemic Limb Leg Ulcer Groin Swelling Scrotal Swelling Haematuria Urinary Difficulty Skin Lesion Anaemia Abdominal Pain in Children II. Diseases and Disorders Oesophageal Disorders Gastric and Duodenal Disorders Disorders of the Small Intestine Colonic Disorders Anorectal Disorders Hepatobiliary Disorders Gynaecological Disorders Abdominal Hernias Thyroid and Parathyroid Disorders Neck Swellings Breast Disorders Vascular Disorders Urological Disorders Skin Lesions Soft Tissue Disorders Trauma Postoperative Care and Complications Principles of Cancer Management III. History, Examination and Common Investigations Clerking a Surgical Patient Examination of a Surgical Patient Writing up a Surgical Clerking Investigation of a Surgical Patient Introduction to the operating theatre IV. Self-assessment MCQs, EMQs, SAQs Index. |
| 410 #0 - SERIES STATEMENT/ADDED ENTRY--CORPORATE NAME [OBSOLETE, CAN/MARC], [LOCAL, USA] | |
| Corporate name or jurisdiction name as entry element | Crash course |
| 517 3# - CATEGORIES OF FILMS NOTE (ARCHIVAL) (VM) [OBSOLETE] | |
| Different formats | Crash Course |
| 700 ## - ADDED ENTRY--PERSONAL NAME | |
| Personal name | Kontoyannis |
| Numeration | Angeliki |
| 942 ## - ADDED ENTRY ELEMENTS (KOHA) | |
| Source of classification or shelving scheme | |
| Koha item type | MONOGRAPH |
| Suppress in OPAC | No |
| 981 ## - EQUIVALENCE OR CROSS-REFERENCE-SERIES STATEMENT--CORPORATE NAME/TITLE [LOCAL, CANADA] | |
| Corporate name or jurisdiction name as entry element | LD-Ebook |
| Withdrawn status | Lost status | Source of classification or shelving scheme | Damaged status | Not for loan | Home library | Current library | Shelving location | Date acquired | Total Checkouts | Total Renewals | Full call number | Barcode | Date last seen | Date last checked out | Price effective from | Koha item type |
|---|---|---|---|---|---|---|---|---|---|---|---|---|---|---|---|---|
| CBU-SCHOOL OF MEDICINE LIBRARY, NDOLA. | CBU-SCHOOL OF MEDICINE LIBRARY, NDOLA. | School of Medicine Collection - Hospital Campus | 08/21/2024 | 3 | 3 | RD 37.2 Kon | 902834 | 08/14/2025 | 07/16/2025 | 08/21/2024 | MONOGRAPH | |||||
| CBU-SCHOOL OF MEDICINE LIBRARY, NDOLA. | CBU-SCHOOL OF MEDICINE LIBRARY, NDOLA. | 04/15/2025 | 2 | 901929 | 11/17/2025 | 10/08/2025 | 04/15/2025 | MONOGRAPH |